| 000 | 01441nam2a22002771 4500 | ||
|---|---|---|---|
| 001 | RU\NLR\INFOCOMM20\5000038209 | ||
| 005 | 20250810041649.0 | ||
| 035 | _a(NLR Aleph) 002429079 | ||
| 090 |
_a1976525 _c1976525 |
||
| 100 | _a20050207d1941 u y0rusy50 ca | ||
| 101 | 0 | _arus | |
| 102 | _aRU | ||
| 105 | _ay ||||000|y | ||
| 200 | 1 |
_aСтанки для сплотки пучков на воде _fМ.Г. Рахматуллин |
|
| 210 | _d1941 | ||
| 461 | 0 |
_1001RU\NLR\INFOCOMM20\5000038127 _12001#$aТехническая информация$fМ-во лес. и бум. пром. СССР. Главлесосплав. Волжско-Кам. филиал ЦНИИЛесосплава$v№28 _91975641 _aЦентральный научно-исследовательский институт лесосплава (Ленинград). Волжско-Камский филиал _cКазань _d1938-1953 _fМ-во лес. и бум. пром. СССР. Главлесосплав. Волжско-Кам. филиал ЦНИИЛесосплава _nТатгосиздат _tТехническая информация _v№28 |
|
| 700 | 1 |
_aРахматуллин _bМ.Г. _4070 |
|
| 801 | 1 |
_aRU _bInfoComm _c20050207 |
|
| 801 | 0 |
_aRU _bNLR _gPSBO |
|
| 852 |
_aNLR _bС60 _jГ-4/25 |
||
| 942 | _cISSUE | ||
| 945 | _aРоссийская национальная библиотека | ||
| 980 | _aNB | ||
| 980 | _aBV | ||
| 980 | _aRUSPER | ||